La diplomacia
Saved in:
| Hovedforfatter: | |
|---|---|
| Format: | Bog |
| Sprog: | spansk |
| Udgivet: |
Barcelona
B
1998
|
| Serier: | Vib, 187
|
| Fag: | |
| Tags: |
Tilføj Tag
Ingen Tags, Vær først til at tagge denne postø!
|
MARC
| LEADER | 00000nam a2200000 a 4500 | ||
|---|---|---|---|
| 001 | UCP2315 | ||
| 003 | CL-VaPUC | ||
| 008 | 990507e19980000SP |||||||||||||||||spa|d | ||
| 082 | 0 | 4 | |a 327 |b KIS |2 21 |
| 100 | |a Kissinger, Henry Alfred |e author |9 584912 | ||
| 245 | 1 | 3 | |a La diplomacia |
| 300 | |a 1306 p | ||
| 942 | |c BK | ||
| 945 | |d 19990507 00:00:00 |a lriquelm | ||
| 260 | |a Barcelona |b B |c 1998 | ||
| 600 | 0 | 7 | |a REAGAN, RONALD |2 CL-VaPUC |9 373977 |
| 600 | 0 | 7 | |a GORBACHOV, MIJAIL |2 CL-VaPUC |9 373978 |
| 600 | 0 | 7 | |a RICHELIEU |2 CL-VaPUC |9 373979 |
| 600 | 0 | 7 | |a ROOSEVELT, THEODORE |2 CL-VaPUC |9 373980 |
| 600 | 0 | 7 | |a HITLER, ADOLF |2 CL-VaPUC |9 314510 |
| 600 | 0 | 7 | |a STALIN, JOSEPH |2 CL-VaPUC |9 313919 |
| 600 | 0 | 7 | |a CHURCHILL, WINSTON S |2 CL-VaPUC |9 342458 |
| 650 | 0 | |a Diplomacia |9 256483 | |
| 650 | 0 | |a Relaciones Exteriores |9 255379 | |
| 650 | 0 | |a Comunismo |9 255588 | |
| 650 | 0 | |a Política exterior |9 316628 | |
| 650 | 0 | |a Geopolítica |9 313921 | |
| 651 | 0 | |a Rusia |9 256106 | |
| 651 | 0 | |a Estados Unidos |9 255178 | |
| 651 | 0 | |a Inglaterra |9 255158 | |
| 651 | 7 | |a AUSTRIA |2 CL-VaPUC |9 266851 | |
| 651 | 0 | |a Francia |9 255157 | |
| 583 | |a last modification |c 19990507 00:00:00 |k Rodrigo Vera | ||
| 490 | 0 | |a Vib, 187 | |
| 999 | |c 280866 |d 280864 | ||
| 952 | |0 0 |1 0 |4 0 |6 327_000000000000000_KIS_1998 |7 0 |8 R |9 321387 |a BIBHIS |b BIBHIS |d 2019-11-20 |i 1348469 |o 327 KIS 1998 |p 1348469 |r 2024-01-30 |w 2019-11-20 |y BK_R |k HIS | ||